| 000 | 01022cam a22002771 4500 | ||
|---|---|---|---|
| 001 | 15129 | ||
| 003 | BD-RjUL | ||
| 005 | 20211208235744.0 | ||
| 008 | 140209s1960 mauah b 001 0 eng | ||
| 035 | _a(BD-RjUL)15183 | ||
| 035 | _a(OCoLC)573966 | ||
| 040 |
_aDLC _cODaWU _dOCoLC _dDLC _dBD-RjUL _beng |
||
| 041 | _aeng | ||
| 082 | 0 | 0 |
_a655.1421 _bHAP 1960 |
| 100 | 1 |
_aHandover, P. M. _947088 |
|
| 245 | 1 | 0 |
_aPrinting in London: from 1476 to modern times : _bCompetitive practice and technical invention in the trade of book and Bible printing, periodical production, jobbing &c / _cP. M. Handover. |
| 260 |
_aCambridge : _bHarvard University Press, _c1960. |
||
| 300 |
_a224 p. : _billus., facsims. ; _c23 cm. |
||
| 504 | _aIncludes bibliographical references and index. | ||
| 650 | 0 |
_aPrinting _zEngland _zLondon _xHistory. _947089 |
|
| 650 | 0 |
_aPrinting industry _zEngland _zLondon _xHistory. _947090 |
|
| 651 | 0 |
_aLondon (England) _xImprints. _947091 |
|
| 942 |
_2ddc _cBK |
||
| 999 |
_c15129 _d15129 |
||